| 000 | 00493nam a22001817a 4500 | ||
|---|---|---|---|
| 003 | CEME | ||
| 005 | 20210628205633.0 | ||
| 008 | 210309b xxu||||| |||| 00| 0 eng d | ||
| 020 | _a0-201-40908-9 | ||
| 040 | _c. | ||
| 082 | _a620.0042 COH | ||
| 100 |
_aCohn, David.S _960711 |
||
| 245 | _aAutocad lt the complete guide | ||
| 260 |
_aNEWYORK _bADDISON WESLEY _c1995 |
||
| 300 | _a625P | ||
| 650 |
_aCOMPUTER GRAPHICS AUTOCAD LT FOR WINDOWS COMPUTER AIDED DESIGN _976389 |
||
| 942 |
_cBK _2ddc |
||
| 999 |
_c581782 _d581782 |
||